| 000 | 01196cam a2200313 a 4500 | ||
|---|---|---|---|
| 001 | 8292 | ||
| 003 | BD-RjUL | ||
| 005 | 20211208234547.0 | ||
| 008 | 180114s1982 nyu b 001 0 eng | ||
| 020 | _a0471085448 | ||
| 035 | _a(BD-RjUL)8337 | ||
| 040 |
_aDLC _cDLC _dDLC _dBD-RjUL _beng |
||
| 041 | _aeng | ||
| 082 | 0 | 0 |
_a519.5 _219 _bLAS 1982 |
| 100 | 1 |
_aLawless, Jerald F., _d1944- _925856 |
|
| 245 | 1 | 0 |
_aStatistical models and methods for lifetime data / _cJ.F. Lawless. |
| 260 |
_aNew York : _bWiley, _cc1982. |
||
| 300 |
_axi, 580 p. ; _c24 cm. |
||
| 500 | _aIncludes indexes. | ||
| 504 | _aBibliography: p. 540-565. | ||
| 650 | 0 |
_aFailure time data analysis. _925858 |
|
| 650 | 0 |
_aSurvival analysis (Biometry) _925859 |
|
| 856 | 4 | 2 |
_3Publisher description _uhttp://www.loc.gov/catdir/description/wiley034/81011446.html |
| 856 | 4 |
_3Table of Contents only _uhttp://www.loc.gov/catdir/toc/onix05/81011446.html |
|
| 856 | 4 | 2 |
_3Contributor biographical information _uhttp://www.loc.gov/catdir/enhancements/fy0607/81011446-b.html |
| 942 |
_2ddc _cBK |
||
| 999 |
_c8292 _d8292 |
||